000 00840nam a2200193 i 4500
001 163021
003 ES-MaACL
005 20230906212642.0
008 931025s1859 sp |||| | spa d
080 _a5:061.22(460.27 M.)
110 2 _aAcademia de Ciencias Naturales (Madrid)
_9143767
245 1 0 _aResumen de las actas de la Real Academia de Ciencias de Madrid en el año académico de 1857 a 1858, leído en la sesión del día 13 de octubre /
_cpor el secretario perpetuo... Mariano Lorente.
260 _aMadrid :
_b[s.n.],
_c1859 (
_fEusebio Aguado)
300 _a57 p. ;
_c22 cm.
510 4 _aPalau,
_c262892
610 2 4 _aAcademia de Ciencias Naturales (Madrid)-
_vMemorias.
_9143768
700 1 _aLorente, Mariano.
_974107
852 4 _aES-MaACL
_jT-354-F-10
_z- Enc. hol., falto de cub. original
_z- Enc. en un vol. facticio
999 _c163021
_d163021